| 000 -LEADER |
| fixed length control field |
00744cam a22002411 4500 |
| 001 - CONTROL NUMBER |
| control field |
8350 |
| 003 - CONTROL NUMBER IDENTIFIER |
| control field |
BD-DhUAP |
| 005 - DATE AND TIME OF LATEST TRANSACTION |
| control field |
20210127150813.0 |
| 008 - FIXED-LENGTH DATA ELEMENTS--GENERAL INFORMATION |
| fixed length control field |
200203r19371930enk 001 0 eng d |
| 040 ## - CATALOGING SOURCE |
| Original cataloging agency |
DLC |
| Transcribing agency |
BD-DhUAP |
| Modifying agency |
BD-DhUAP |
| Language of cataloging |
Eng |
| 082 ## - DEWEY DECIMAL CLASSIFICATION NUMBER |
| Edition number |
23 |
| Classification number |
340.54 LEA |
| 100 1# - MAIN ENTRY--PERSONAL NAME |
| Personal name |
Leage, R. W. |
| 245 10 - TITLE STATEMENT |
| Title |
Roman private law : |
| Remainder of title |
founded on the 'Institutes' of Gaius and Justinian / |
| Statement of responsibility, etc. |
R. W. Leage. |
| 250 ## - EDITION STATEMENT |
| Edition statement |
2nd ed. |
| 260 ## - PUBLICATION, DISTRIBUTION, ETC. |
| Place of publication, distribution, etc. |
London, |
| Name of publisher, distributor, etc. |
Macmillan and co., |
| Date of publication, distribution, etc. |
c1930 [Reprinted 1937]. |
| 300 ## - PHYSICAL DESCRIPTION |
| Extent |
xiv, 458 pages |
| Dimensions |
21 cm. |
| 500 ## - GENERAL NOTE |
| General note |
Includes index. |
| 600 00 - SUBJECT ADDED ENTRY--PERSONAL NAME |
| Personal name |
Gaius. |
| Title of a work |
Institutiones. |
| 650 #0 - SUBJECT ADDED ENTRY--TOPICAL TERM |
| Topical term or geographic name entry element |
Roman law |
| Form subdivision |
Sources. |
| 650 #0 - SUBJECT ADDED ENTRY--TOPICAL TERM |
| Topical term or geographic name entry element |
Institutiones |
| Form subdivision |
Gaius. |
| 650 #0 - SUBJECT ADDED ENTRY--TOPICAL TERM |
| Topical term or geographic name entry element |
Justinian I |
| Form subdivision |
Emperor of the East |
| Chronological subdivision |
483?-565. |
| 942 ## - ADDED ENTRY ELEMENTS (KOHA) |
| Source of classification or shelving scheme |
|
| Koha item type |
Book |